00405nam a2200157Ia 4500008004100000020001500041041001200056082001600068100002000084245007500104250000800179260002500187300000800212650000700220700002000227221030s9999 xx 000 0 und d a007058494x aEnglish a105.23bAle aC. K. Alexander 0aFundamentals of Electric Circuitscby C. K. Alexander, M. N. O. Sadiku a904 bTMHaNew Delhic2005 a904 aEE aM. N. O. Sadiku